| 000 | 00487nam a2200169Ia 4500 | ||
|---|---|---|---|
| 999 |
_c18065 _d18065 |
||
| 003 | OSt | ||
| 005 | 20200606120049.0 | ||
| 008 | 190216s9999||||xx |||||||||||||| ||und|| | ||
| 020 | _a8185127166 | ||
| 040 | _cMESKC library | ||
| 082 |
_a891.432 _bACH/P |
||
| 100 |
_aAcharya, Nandkishore _9205 |
||
| 245 | 0 |
_aPagalghar / _cNandkishore Acharya |
|
| 260 |
_bVagdevi Prakashan, _aBikaner: _c1988. |
||
| 300 | _a84p | ||
| 942 |
_cBK _2ddc _h891.432 _iACH/P _k891.432 _mACH/P |
||